<?xml version="1.0" encoding="UTF-8"?>
<record
    xmlns:xsi="http://www.w3.org/2001/XMLSchema-instance"
    xsi:schemaLocation="http://www.loc.gov/MARC21/slim http://www.loc.gov/standards/marcxml/schema/MARC21slim.xsd"
    xmlns="http://www.loc.gov/MARC21/slim">

  <leader>00612nam  2200169   4500</leader>
  <controlfield tag="001">5952</controlfield>
  <datafield tag="011" ind1=" " ind2=" ">
    <subfield code="a">0183-2662</subfield>
  </datafield>
  <datafield tag="090" ind1=" " ind2=" ">
    <subfield code="a">5952</subfield>
  </datafield>
  <datafield tag="100" ind1=" " ind2=" ">
    <subfield code="a">20190729k        u||y0frey50      ba</subfield>
  </datafield>
  <datafield tag="101" ind1=" " ind2=" ">
    <subfield code="a">fre</subfield>
  </datafield>
  <datafield tag="200" ind1=" " ind2=" ">
    <subfield code="a">Amour et famille</subfield>
    <subfield code="b">Brochure</subfield>
    <subfield code="e">fiches documentaires</subfield>
    <subfield code="f">du Centre de Liaison des Equipes de Recherche (CLER)</subfield>
    <subfield code="h">132-133</subfield>
    <subfield code="i">Les m&#xE9;thodes d'auto-observations</subfield>
  </datafield>
  <datafield tag="210" ind1=" " ind2=" ">
    <subfield code="a">Paris</subfield>
    <subfield code="c">Centre de Liaison des Equipes de Recherche (CLER)</subfield>
    <subfield code="d">1982</subfield>
  </datafield>
  <datafield tag="215" ind1=" " ind2=" ">
    <subfield code="a">78 p.</subfield>
    <subfield code="c">ill</subfield>
    <subfield code="d">21 cm</subfield>
  </datafield>
  <datafield tag="606" ind1=" " ind2=" ">
    <subfield code="9">616</subfield>
    <subfield code="a">Gyn&#xE9;cologie</subfield>
  </datafield>
  <datafield tag="606" ind1=" " ind2=" ">
    <subfield code="9">619</subfield>
    <subfield code="a">Contraception</subfield>
  </datafield>
  <datafield tag="710" ind1=" " ind2=" ">
    <subfield code="9">6785</subfield>
    <subfield code="a">Centre de Liaison des Equipes de Recherche (CLER)</subfield>
  </datafield>
  <datafield tag="801" ind1=" " ind2=" ">
    <subfield code="a">CH</subfield>
    <subfield code="b">CH-002049-8</subfield>
  </datafield>
  <datafield tag="995" ind1=" " ind2=" ">
    <subfield code="1">0</subfield>
    <subfield code="2">0</subfield>
    <subfield code="3">0</subfield>
    <subfield code="5">2026-03-26</subfield>
    <subfield code="9">6907</subfield>
    <subfield code="b">ARCHIC</subfield>
    <subfield code="c">ARCHIC</subfield>
    <subfield code="e">Brochures</subfield>
    <subfield code="f">7797</subfield>
    <subfield code="h">MLF</subfield>
    <subfield code="k">Broch 2684</subfield>
    <subfield code="o">1</subfield>
  </datafield>
</record>
